Development of small scale industries in India: prospects, problems and policies, report (Record no. 497592)

000 -LEADER
fixed length control field 00397cam a22001097a 4500
008 - FIXED-LENGTH DATA ELEMENTS--GENERAL INFORMATION
fixed length control field 180718b1963 xxu||||| |||| 00| 0 eng d
082 ## - DEWEY DECIMAL CLASSIFICATION NUMBER
Classification number T2196x54 In8/63
245 ## - TITLE STATEMENT
Title Development of small scale industries in India: prospects, problems and policies, report
Statement of responsibility, etc. by Ministry of Industry, Delhi
260 ## - PUBLICATION, DISTRIBUTION, ETC.
Place of publication, distribution, etc. New Delhi
Name of publisher, distributor, etc. Government of India
Date of publication, distribution, etc. 1963
300 ## - PHYSICAL DESCRIPTION
Extent 141+p
700 ## - ADDED ENTRY--PERSONAL NAME
Personal name India. Ministry of Industry
Holdings
Withdrawn status Lost status Damaged status Not for loan Permanent Location Current Location Date acquired Full call number Barcode Date last seen Price effective from Koha item type
        Indian Institute of Public Administration Indian Institute of Public Administration 2018-08-04 T2196x54 In8/63 G4274 2018-08-04 2018-08-04 G

Powered by Koha